00349nam a2200133 a 45000010005000000030005000050050017000100080041000270400020000681000025000882450053001132600029001663000020001955839CDMR20130321194136.0130220s2004||||||||||||||||||||||||||||d aCDMRbcatcCDMR1 aCampos, Maria Teresa10aMis dos vidasb: memoriascMaría Teresa Campos aBarcelonabPlanetac2004 a252 p. ;c24 cm